000 00511nam a22001697a 4500
003 0
005 20230619145707.0
008 230619b xxu||||| |||| 00| 0 eng d
020 _a978-971-994-601-4
082 _aFil. 530.4
_b.Ro888 2013
245 _aSolids, liquids, and gas = Mga solido, mga likido, at mga gas
_cRoyston, Angela
260 _aQuezon City
_bC&E Publishing, Inc.
_cc2013
300 _a34pp.
_bcol. ill.
_c19cm.
500 _aMatter-Properties.
500 _aScience.
942 _2ddc
_cBK
999 _c365030
_d365030